Makroekonomická analýza
Salvato in:
| Autore principale: | |
|---|---|
| Altri autori: | |
| Natura: | Libro |
| Lingua: | slovacco |
| Pubblicazione: |
Bratislava
Iura Edition
2010
|
| Serie: | Ekonómia
|
| Soggetti: | |
| Tags: |
Nessun Tag, puoi essere il primo ad aggiungerne!!
|
MARC
| LEADER | 00000nam a2200000 4500 | ||
|---|---|---|---|
| 001 | 0127124 | ||
| 005 | 20240314093047.2 | ||
| 020 | |a 978-80-8078-321-1 | ||
| 041 | 0 | |a slo | |
| 044 | |a SK | ||
| 245 | 1 | 0 | |a Makroekonomická analýza |c Vladimír Mlynarovič, Veronika Miťková |
| 264 | 1 | |a Bratislava |b Iura Edition |c 2010 | |
| 300 | |a 556 s. | ||
| 490 | 1 | |a Ekonómia | |
| 830 | 0 | |a Ekonómia | |
| 610 | 2 | 0 | |a makroekonomika |
| 610 | 2 | 0 | |a analýza ekonomická |
| 610 | 2 | 0 | |a koncepcie |
| 610 | 2 | 0 | |a rast hospodársky |
| 610 | 2 | 0 | |a modely |
| 610 | 2 | 0 | |a cykly hospodárske |
| 610 | 2 | 0 | |a dôchodky |
| 610 | 2 | 0 | |a rovnováha hospodárska |
| 610 | 2 | 0 | |a modely makroekonomické |
| 610 | 2 | 0 | |a účtovníctvo |
| 610 | 2 | 0 | |a modelovanie ekonometrické |
| 100 | 1 | |a Mlynarovič, Vladimír | |
| 700 | 1 | |a Miťková, Veronika | |